| 000 | 00594nam a22001577a 4500 | ||
|---|---|---|---|
| 008 | 160928b xxu||||| |||| 00| 0 eng d | ||
| 020 | _a0205376169 | ||
| 050 |
_aLC 3981 _b.S56 2003 |
||
| 100 | _aSmith, Deborah Deutsch. | ||
| 245 |
_aIntroduction to special educaion : _bteaching in an age of opportunity _cDeborah Deutsch Smith. |
||
| 250 | _a5th ed. | ||
| 260 |
_aBoston: _bPearson, _c2003. |
||
| 300 |
_axxviii,564p. :ill. ; _bInclude bibliographical references and index. _c22cm. |
||
| 650 |
_aSpecial education _xUnited states. |
||
| 942 |
_2lcc _cBOOKS _hLC 3981.S56 2003 _05 |
||
| 999 |
_c14187 _d14187 |
||